A first year engineering drawing (Record no. 43572)

MARC details
000 -LEADER
fixed length control field 00585nam a2200157 a 4500
008 - FIXED-LENGTH DATA ELEMENTS--GENERAL INFORMATION
fixed length control field 120416s1958 ||||||||||||||||| || u
050 ## - LIBRARY OF CONGRESS CALL NUMBER
Classification number T 353 Par
100 ## - MAIN ENTRY--PERSONAL NAME
Personal name Parkinson, Albert Charles
245 12 - TITLE STATEMENT
Title A first year engineering drawing
246 ## - VARYING FORM OF TITLE
Title proper/short title covering the first year national certificate course in mechanical engineering
250 ## - EDITION STATEMENT
Edition statement 6th. ed.
260 ## - PUBLICATION, DISTRIBUTION, ETC.
Place of publication, distribution, etc. London
Name of publisher, distributor, etc. Pitman
Date of publication, distribution, etc. 1958
300 ## - PHYSICAL DESCRIPTION
Extent x, 190p. : ill
350 ## - PRICE (NR) (BK AM CF MU VM SE) [OBSOLETE]
Price 0.00
995 ## - RECOMMENDATION 995 [LOCAL, UNIMARC FRANCE]
-- 0.00
-- CBU-MAIN LIBRARY (Kitwe)
-- 1
-- 2.00
-- LOST
-- Main Library Open Access Collection
Holdings
Withdrawn status Lost status Source of classification or shelving scheme Damaged status Not for loan Home library Current library Shelving location Date acquired Total Checkouts Full call number Barcode Date last seen Price effective from Koha item type
          CBU-MAIN LIBRARY, KITWE. CBU-MAIN LIBRARY, KITWE.   11/30/2022   T 353 Par 013280 11/30/2022 11/30/2022 MONOGRAPH